000 00716nam a2200265Ia 4500
005 20260302115549.0
008 008 260114s9999 xx 000 0 eng d
020 _a9781350490963
037 _aTextbook
040 _aCRL
040 _beng
040 _cCRL
041 _2eng
041 _aeng
084 _qCRL
100 _aDeborah Cartmell, Michael Scott
_91122003
245 0 _aTalking Shakespeare Shakespeare into the Millennium
260 _bBloomsbury
260 _bThe Arden Shakespeare
260 _c2017
650 _aLiterary Studies
856 _uhttps://doi.org/10.1007/978-0-333-98574-8?locatt=label:secondary_bloomsburyCollections
942 _cEBOOK
999 _c1686664
_d1686664